000 03154nam a2200529Ia 4500
001 dia_1724
003 CHAP
005 20240322183027.0
006 a||||fq||m| 00| 0
007 ta
008 220117s2010 mx abdofr 001 0 spa d
040 _cCHAP
_amxchpua
090 _aT.C.528
_bS99 IAI
_c2010
245 1 0 _aReporte de la fase de campo realizado a la Comarca Lagunera, Sinaloa y Nayarit /
_ccoordinadora Rosa Guadalupe Szymanski Duque ; colaboradores Ana Estela Arcos Hernández...[et al.]
260 _aMéxico :
_bEl autor,
_c2010
300 _aiii, 117 hojas :
_bilustraciones, mapas, gráficas, diagramas, tablas, fotos +
_e1 CD-ROM
336 _2rdacontent
_atexto
_btxt
336 _2rdacontent
_atexto
_btxt
337 _2rdamedia
_ano mediado
_bn
337 _2rdamedia
_acomputadora
_bc
338 _2rdacarrier
_avolumen
_bnc
338 _2rdacarrier
_adisco de computadora
_bcd
500 _aDirectorio en el reporte -- El Cd incluye reporte y presentación -- Grado 5° Grupo 4
502 _aViaje de estudios
_b(IAI) --
_cUACh. Departamento de Ingeniería Agroindustrial,
_d2010
505 _aEmpresas visitadas:
_t1. Lala Torreón, S. A. de C. V. -- 2. SAGARPA Torreón -- 3. Ejido Colectivo Batopilas -- 4. Embotelladora Lagunera, S. A. de C. V. -- 5. Unión Ganadera Regional de la Laguna -- 6. Asociación Ganadera Avícola de la Comarca Lagunera -- 7. FIRA, Agencia Torreón Coahuila -- 8. Producción de hongos comestibles en la comunidad de El Salto, Durango -- 9. SAGARPA Sinaloa -- 10. Fira, Culiacán -- 11. Cocomex -- 12. Pesquería 15 de septiembre, S. A de C. V. -- 13. Embotelladora El Manantial, S. A. de C. V. -- 14. Asociación Ganadera Local de Acaponeta, Nayarit -- 15. Acuícola Valle de la Hurraca -- 16. Integradora de Productores de Café Orgánico del Estado de Nayarit, S. A. de C. V. -- 17. FIRA, Agencia Nayarit -- 18. SAGARPA Delegación Nayarit -- 19. Ingenio El Molino, S. A. de C. V.
650 1 3 _aIndustria avícola
_x
_9151437
_zMéxico
_zCoahuila
650 1 3 _aIndustria azucarera
_957780
650 1 3 _aIndustria de productos agrícolas
_x
_9151438
_zMéxico
_zDurango
650 1 3 _aIndustria del ganado y de la carne
_x
_9151439
_zMéxico
_zCoahuila
650 1 3 _aIndustria lechera
_x
_9151440
_zMéxico
_zCoahuila
650 1 3 _aIndustria pesquera
_9151441
_zMéxico
_zSinaloa
650 1 3 _aDairy industry
_x
_9151435
_zMexico
_zCoahuila
650 1 3 _aHorticultural products industry
_9151436
_zMéxico
_zDurango
650 1 3 _aFish industry
_9151275
_zMexico
_zSinaloa
650 1 3 _aLivestock and meat industry
_9151442
_zMexico
_zCoahuila
650 1 3 _aPoultry industry
_x
_9151443
_zMexico
_zDurango
650 1 3 _aSugar industry
_9151444
700 1 _aSzymanski Duque, Rosa Guadalupe
_9151434
_ecoordinadora
700 1 _aArcos Hernández, Ana Estela
_9131951
_ecolaboradora
856 _uhttp://10.13.5.2/ve/TC528IAI/TC528IAI2010-REPORTE.pdf
_yDESCARGAR REPORTE
901 _aT.C.528 S99 IAI 2010
902 _aM
905 _a5232272010 mx dinl8222223322spa16
942 _2local
942 _cVE
999 _c172268
_d172268